مكتبة جامعة عجلون الوطنية

فهرس بحث المكتبة

الامتثال التنظيمي واثره في جودة حياة العمل في البنوك التجارية الأردنية =Organazitional Compliance and its Impact on Quality of Work Life at Jordanian Commercial Banks (Record no. 33980)

MARC details
000 -LEADER
fixed length control field 01105nam a22002057a 4500
003 - CONTROL NUMBER IDENTIFIER
control field JO-AjAnu
005 - DATE AND TIME OF LATEST TRANSACTION
control field 20250923090439.0
008 - FIXED-LENGTH DATA ELEMENTS--GENERAL INFORMATION
fixed length control field 250922b jo ||||| |||| 00| 0 ara d
040 ## - CATALOGING SOURCE
Original cataloging agency ANU
Transcribing agency JO-AjAnu
041 ## - LANGUAGE CODE
Language code of original ARA
100 ## - MAIN ENTRY--PERSONAL NAME
Personal name رمانة، ريما محمد عبد الوهاب
Relator term معد
9 (RLIN) 66653
245 ## - TITLE STATEMENT
Title الامتثال التنظيمي واثره في جودة حياة العمل في البنوك التجارية الأردنية =Organazitional Compliance and its Impact on Quality of Work Life at Jordanian Commercial Banks
Statement of responsibility, etc. / اعداد ريما محمد عبد الوهاب رمانة ؛ اشراف نضال فواز حسين القضاة
260 ## - PUBLICATION, DISTRIBUTION, ETC.
Date of publication, distribution, etc. 2025
300 ## - PHYSICAL DESCRIPTION
Extent 83 ورقة
500 ## - GENERAL NOTE
General note رسالة جامعية (رسالة ماجستير في إدارة الأعمال) كلية الأعمال / جامعة عجلون الوطنية؛ 2025
650 ## - SUBJECT ADDED ENTRY--TOPICAL TERM
Form subdivision البنوك التجارية
700 ## - ADDED ENTRY--PERSONAL NAME
Personal name القضاة، نضال فواز حسين
9 (RLIN) 64939
Relator term مشرف
700 ## - ADDED ENTRY--PERSONAL NAME
Personal name الحياصات، وائل بشير
Relator term مشرف مشارك
9 (RLIN) 66654
942 ## - ADDED ENTRY ELEMENTS (KOHA)
Source of classification or shelving scheme Library of Congress Classification
Koha item type Thesis
Suppress in OPAC No
Holdings
Withdrawn status Lost status Source of classification or shelving scheme Damaged status Not for loan Home library Current library Date acquired Total Checkouts Full call number Barcode Date last seen Price effective from Koha item type
    Library of Congress Classification     مكتبة جامعة عجلون الوطنية مكتبة جامعة عجلون الوطنية 22/09/2025   HG1623.2025 A30386 22/09/2025 22/09/2025 Thesis
    Library of Congress Classification     مكتبة جامعة عجلون الوطنية مكتبة جامعة عجلون الوطنية 22/09/2025   HG1623.2025 A30385 22/09/2025 22/09/2025 Thesis